| 000 | 00682nam a2200193 i 4500 | ||
|---|---|---|---|
| 001 | 31367 | ||
| 003 | ES-MaACL | ||
| 005 | 20250808012148.0 | ||
| 007 | t| | ||
| 008 | 030129s1956 sp ||||1| spa d | ||
| 100 | 1 |
_aBaudouin, Louis Marie. _926532 |
|
| 245 | 1 | 0 |
_aCartas del venerable Luis María Baudouin, fundador de los Hijos de María Inmaculada y de las Ursulinas de Jesús. _n1, _pCartas sobre la vida religiosa / _cLouis Marie Baudouin ; publicadas por A. Duret. |
| 260 |
_aPamplona : _bAramburu, _c1956. |
||
| 300 |
_a296 p. ; _c20 cm. |
||
| 650 | 7 |
_aVida religiosa _2embne _9154946 |
|
| 700 | 1 |
_aDuret, A. _946289 |
|
| 852 |
_aES-MaACL _jP-833 |
||
| 999 |
_c31367 _d31367 |
||